Hospodársky rast a životné prostredie

Bibliographic Details
Main Author: Lacko, Rastislav (Author)
Format: Article
Language:Slovak
Subjects:

MARC

LEADER 00000nab a2200000Ia 4500
001 vtls010815608
003 SK-MaSNL
005 20260304225507.0
008 230218|1971 xo |||||||||||||||||slo|
035 |a (urnnbn)urn:nbn:sk:snk:ar-a053no 
035 |a urn:nbn:sk:snk-ab5k6e 
035 |a (uuid)735e0fcb-9862-452a-9ddb-49b854aeb64d 
040 |a SNKBUCL  |b slo  |c SNKBUCL  |e AACR2 
041 0 |a slo  |b eng  |b rus 
044 |a xo  |c SK 
080 |a 330.35  |2 2001 
080 |a 502/504  |2 2001 
080 |a 330.31  |2 2011 
100 1 |a Lacko, Rastislav  |4 aut  |9 368265 
245 1 0 |a Hospodársky rast a životné prostredie  |c Rastislav Lacko 
504 |a Bibliogr. odkazy 
546 |a Res. angl., rus. 
650 0 7 |a ekonomický rast  |2 SNKPH  |9 2146 
650 0 7 |a životné prostredie  |2 SNKPH  |9 786 
650 0 7 |a reprodukcia (ekonómia)  |2 SNKPH  |9 161121 
773 0 |t Ekonomický časopis : časopis pre ekonomickú teóriu, hospodársku politiku, spoločensko-ekonomické prognózovanie  |g Roč. 19, č. 8 (1971), s. [748]-761 
954 |a odborná, vedecká literatúra pôvodná (slovenská)  |2 lita 
958 |a NB 
958 |a OND 
958 |a EUIPO 
958 |a article5 
999 |c 3177934  |d 3179864